Paesi per Forma della Rete Stradale - Statistics

Statistiche generali
  • Questo quiz è stato fatto 4.752 volte
  • Il punteggio medio è 13 su 19
Risposte nella Mappa
Le risposte nella mappa del quiz sottostante sono codificate secondo una scala di colori dal rosso al verde in base alla % di persone che hanno risposto correttamente.
 
Statistiche sulle risposte
Risposta % Corretto
Stati Uniti
99%
Italia
98%
Australia
96%
Messico
94%
Croazia
91%
Germania
90%
Cile
85%
Cina
82%
Portogallo
81%
Egitto
75%
Svezia
70%
Paesi Bassi
65%
Iran
64%
Polonia
59%
Sudafrica
53%
Città del Vaticano
41%
Malesia
41%
Repubblica Democratica del Congo
33%
Singapore
24%
Nessun quiz corrispondente trovato
Distribuzione punteggi
Percentuale di utenti per punteggio
Percentile per numero di risposta
I tuoi punteggi nel tempo
Non hai fatto questo quiz